Statistics for Factors of 117

Click here to take the quiz!

General Stats

  • This quiz has been taken 26 times
  • The average score is 5 of 6

Answer Stats

HintAnswer% Correct
Factor1
100%
Factor3
96%
Factor117
91%
Factor9
83%
Factor13
74%
Factor39
57%

Score Distribution

Percentile by Number Answered

Percent of People with Each Score

Your Score History

You have not taken this quiz